[Event "Oberfranken-ch"]
[Site "Schney"]
[Date "2018.01.06"]
[Round "7.2"]
[White "Yigit, Furkan"]
[Black "Kolb, Tobias"]
[Result "0-1"]
[WhiteElo "1155"]
[BlackElo "1642"]
[PlyCount "58"]
[EventDate "2018.01.03"]
[EventType "swiss"]
[EventRounds "7"]
[EventCountry "GER"]
[SourceTitle "EXT 2022"]
[Source "ChessBase"]
[SourceDate "2021.10.06"]
[SourceVersion "1"]
[SourceVersionDate "2021.10.06"]
[SourceQuality "1"]

1. e4 d5 2. d3 d4 3. Nf3 c5 4. c3 Nc6 5. cxd4 cxd4 6. Qa4 Qb6 7. Nxd4 Qxd4 8. Qxd4 Nxd4 9. Na3 e5 10. Be3 Bb4+ 11. Kd1 Bxa3 12. Bxd4 exd4 13. bxa3 Ne7 14. h3 0-0 15. g3 Bd7 16. Rb1 b6 17. Bg2 Rac8 18. Kd2 Rc3 19. Rhc1 Rfc8 20. a4 Rxc1 21. Rxc1 Rxc1 22. Kxc1 Bxa4 23. Kb2 Bb5 24. Bf1 Nc6 25. Kb3 Kf8 26. a4 Ba6 27. Kc2 Nb4+ 28. Kd2 b5 29. axb5 Bxb5 0-1

[Event "Oberfranken-ch U16"]
[Site "Schney"]
[Date "2015.01.05"]
[Round "6"]
[White "Yigit, Furkan"]
[Black "Koedel, Christian"]
[Result "0-1"]
[WhiteElo "918"]
[BlackElo "1213"]
[PlyCount "110"]
[EventDate "2015.01.03"]
[EventType "swiss"]
[EventRounds "7"]
[EventCountry "GER"]
[SourceTitle "CBM 164 Extra"]
[Source "ChessBase"]
[SourceDate "2015.03.02"]
[SourceVersion "1"]
[SourceVersionDate "2015.03.02"]
[SourceQuality "1"]

1. e4 e5 2. Nf3 Nc6 3. Bc4 Bc5 4. Nc3 Nf6 5. d3 0-0 6. Be3 Bxe3 7. fxe3 d6 8. h3 Bd7 9. 0-0 a6 10. Nd5 h6 11. Nxf6+ Qxf6 12. Nd4 Qg5 13. Nf5 g6 14. h4 Qd8 15. Bxf7+ Kxf7 16. Nxd6+ Kg7 17. Rxf8 Qxf8 18. Nxb7 Rb8 19. Qf1 Rxb7 20. Qxf8+ Kxf8 21. Rf1+ Kg7 22. b3 Nb4 23. d4 exd4 24. exd4 Rb8 25. Re1 Nc6 26. d5 Ne5 27. Kf2 h5 28. Ke3 Ng4+ 29. Kf4 Re8 30. e5 Bf5 31. e6 Kf6 32. c4 Nf2 33. Re2 Nd3+ 34. Ke3 Nc5 35. a3 Nd3 36. b4 Ne5 37. Kd4 c5+ 38. dxc6 Nxc6+ 39. Kd5 Ne7+ 40. Kd6 Nc8+ 41. Kd7 Rxe6 42. Rxe6+ Bxe6+ 43. Kc7 Kf5 44. c5 Kg4 45. c6 Kxh4 46. Kb7 Kg3 47. Kxa6 Kxg2 48. b5 h4 49. b6 Nxb6 50. Kxb6 h3 51. c7 h2 52. Kb7 h1Q 53. c8Q Bxc8+ 54. Kxc8 Qh7 55. a4 Qa7 0-1